Louisiana high-school standards; (Record no. 21061)

MARC details
000 -LEADER
fixed length control field 01210cam a22002771 4500
001 - CONTROL NUMBER
control field e 30000394
003 - CONTROL NUMBER IDENTIFIER
control field DLC
005 - DATE AND TIME OF LATEST TRANSACTION
control field 20260227111220.0
008 - FIXED-LENGTH DATA ELEMENTS--GENERAL INFORMATION
fixed length control field 840406s1929 lau b s000 0 eng c
010 ## - LIBRARY OF CONGRESS CONTROL NUMBER
LC control number e 30000394
035 ## - SYSTEM CONTROL NUMBER
System control number (OCoLC)10603265
040 ## - CATALOGING SOURCE
Original cataloging agency U.S..Off. of educ. Library
Transcribing agency DNIE
Modifying agency DLC
042 ## - AUTHENTICATION CODE
Authentication code premarc
050 00 - LIBRARY OF CONGRESS CALL NUMBER
Classification number L154
Item number .B32 no. 161
110 1# - MAIN ENTRY--CORPORATE NAME
Corporate name or jurisdiction name as entry element Louisiana.
Subordinate unit Department of Education.
-- High School Division.
245 10 - TITLE STATEMENT
Title Louisiana high-school standards;
Remainder of title manual of organization and administration.
Statement of responsibility, etc. Prepared by the High-school division of the state Department of education of Louisiana under the direction of Chas. F. Trudeau, state high-school supervisor.
260 ## - PUBLICATION, DISTRIBUTION, ETC.
Place of publication, distribution, etc. Baton Rouge,
Name of publisher, distributor, etc. T.H. Harris, state superintendent of public education
Date of publication, distribution, etc. [1929]
300 ## - PHYSICAL DESCRIPTION
Extent 207 p.
Dimensions 23 cm.
490 0# - SERIES STATEMENT
Series statement Louisiana. Dept. of education. Bulletin
Volume/sequential designation no. 161
500 ## - GENERAL NOTE
General note At head of title: State Dept. of Louisiana.
500 ## - GENERAL NOTE
General note "Revised edition of the 1925 High-school course of study and manual of administration."--Introd.
504 ## - BIBLIOGRAPHY, ETC. NOTE
Bibliography, etc. note Includes bibliographies.
650 #0 - SUBJECT ADDED ENTRY--TOPICAL TERM
Topical term or geographic name entry element High schools
Geographic subdivision Louisiana.
650 #0 - SUBJECT ADDED ENTRY--TOPICAL TERM
Topical term or geographic name entry element Education
Geographic subdivision Louisiana
General subdivision Curricula.
650 #0 - SUBJECT ADDED ENTRY--TOPICAL TERM
Topical term or geographic name entry element Education
Geographic subdivision Louisiana.

No items available.

Powered by Koha